00919nam a2200229Ii 45000010005000000030009000050080041000140400033000550410008000880820016000961000039001122450036001512640058001873000012002453360026002573370028002833380027003119400050003389990017003889520142004059520142005473872CO-ViMGA241108s9999||||xx |||||||||||||| ||und|| aCO-ViMGAbspaerdacCO-ViMGA0 aunk04a352.12-V4221 aJ. Eduardo Vega Rodríguez95515310aManual de presupuesto Municipal 1a[Lugar de publicación no identificado] : ESAP, 1982 avolumen atextbtxt2rdacontent aunmediatedbn2rdamedia avolumebnc2rdacarrier aidficha_siabuc: 3782. -- ficha_no_siabuc:3872 c52579d52579 001040708001aMEVIGERRbMEVIGERRcGENd2006-11-27hVol.1o352.12-V422pECA2455r2024-11-26 10:09:17tEj.1w2024-11-26yBKz3782 | 5558 001040708001aMEVIGERRbMEVIGERRcGENd2006-11-27hVol.1o352.12-V422pECA2454r2024-11-26 10:09:17tEj.1w2024-11-26yBKz3782 | 5557